I, krishnadevaraya / (Record no. 154690)

MARC details
000 -LEADER
fixed length control field 00626nam a22001937a 4500
005 - DATE AND TIME OF LATEST TRANSACTION
control field 20180724120531.0
010 ## - LCCN (DPL NO)
LC control number ENG- 123582
020 ## - INTERNATIONAL STANDARD BOOK NUMBER
Terms of availability 399.00
International Standard Book Number 9789386224453
035 ## - SYSTEM CONTROL NUMBER
System control number EN-107114
037 ## - SOURCE OF ACQUISITION
Source of stock number/acquisition DBAD/PUB
082 ## - DEWEY DECIMAL CLASSIFICATION NUMBER
Classification number N
100 ## - MAIN ENTRY--PERSONAL NAME
Personal name Rangarajan, Ra. Ki.
245 ## - TITLE STATEMENT
Title I, krishnadevaraya /
Statement of responsibility, etc by Ra. Ki. Rangarajan; translated by Suganthy Krishnamachari
260 ## - PUBLICATION, DISTRIBUTION, ETC. (IMPRINT)
Place of publication, distribution, etc Chennai
Name of publisher, distributor, etc Westland Publications
Date of publication, distribution, etc 2017
270 ## - ADDRESS
Address 61, IInd Floor, Silverline Building, Alapakkam Main Road, Maduravoyal,
City Chennai
Postal code 600095
300 ## - PHYSICAL DESCRIPTION
Extent 396p.
Dimensions 21cm.(pbk)
700 ## - ADDED ENTRY--PERSONAL NAME
Personal name Krishnamachari, Suganthy
942 ## - ADDED ENTRY ELEMENTS (KOHA)
Source of classification or shelving scheme Dewey Decimal Classification
Item type English Books
Classification part N
Call number suffix RAN
Holdings
Withdrawn status Lost status Not for loan Collection code Home library Current library Date acquired Source of acquisition Cost, normal purchase price Full call number Barcode Copy number Cost, replacement price Koha item type
    Not For Loan Fiction D.B.Act.Division Bawana 24/07/2018 DBAD/PUB 399.00 N RAN EN-107114 1 399.00 English Books

© Delhi Public Library
Hit Counter
free hit counter